Mulyaboodhar siksha/ (Record no. 11937)

MARC details
000 -LEADER
fixed length control field 00617nam a22002177a 4500
005 - DATE AND TIME OF LATEST TRANSACTION
control field 20240905092233.0
008 - FIXED-LENGTH DATA ELEMENTS--GENERAL INFORMATION
fixed length control field 240905b |||||||| |||| 00| 0 eng d
020 ## - INTERNATIONAL STANDARD BOOK NUMBER
International Standard Book Number 9789360784683
040 ## - CATALOGING SOURCE
Original cataloging agency IN-DiNC
Transcribing agency IN-DiNC
041 ## - LANGUAGE CODE
Language code of sung or spoken text Assamese
082 ## - DEWEY DECIMAL CLASSIFICATION NUMBER
Classification number 370.13
Item number KAL
100 ## - MAIN ENTRY--PERSONAL NAME
Personal name Kalita, Pranita
Relator term Author
245 ## - TITLE STATEMENT
Title Mulyaboodhar siksha/
Statement of responsibility, etc. by Pranita Kalita, Gitika Talukdar and Dhanada Konwar
250 ## - EDITION STATEMENT
Edition statement 1st imp.
260 ## - PUBLICATION, DISTRIBUTION, ETC.
Place of publication, distribution, etc. Guwahati:
Name of publisher, distributor, etc. Ashok publication,
Date of publication, distribution, etc. 2024.
300 ## - PHYSICAL DESCRIPTION
Extent 120p.
650 ## - SUBJECT ADDED ENTRY--TOPICAL TERM
Topical term or geographic name entry element Value education
700 ## - ADDED ENTRY--PERSONAL NAME
Personal name Talukdar, Gitika
Relator term Author
700 ## - ADDED ENTRY--PERSONAL NAME
Personal name Konwar, Dhanada
Relator term Author
942 ## - ADDED ENTRY ELEMENTS (KOHA)
Source of classification or shelving scheme Dewey Decimal Classification
Koha item type Books
Holdings
Withdrawn status Lost status Source of classification or shelving scheme Damaged status Not for loan Collection code Home library Current library Shelving location Date acquired Cost, normal purchase price Total Checkouts Full call number Barcode Date last seen Date last checked out Copy number Price effective from Koha item type
    Dewey Decimal Classification     Education Central Library, Naharkatiya College Central Library, Naharkatiya College General Stacks 05/09/2024 160.00 6 370.13 KAL 30208 06/11/2025 13/10/2025 1 05/09/2024 Books
    Dewey Decimal Classification     Education Central Library, Naharkatiya College Central Library, Naharkatiya College General Stacks 05/09/2024 160.00 4 370.13 KAL 30209 04/12/2025 10/11/2025 2 05/09/2024 Books

Naharkatiya College © 2020. All rights reserved.

Powered By